| 000 | 00579nam a22001937a 4500 | ||
|---|---|---|---|
| 005 | 20251108170524.0 | ||
| 008 | 250721s2000 xx 000 0 ara d | ||
| 082 | 1 | 4 | _a616.075/بلت |
| 100 | 1 | _aبلتو، يوسف | |
| 245 | 1 | 0 | _aالفحوصات الطبية الضرورية قبل الزواج / |
| 264 | 1 |
_aعمان : _bدار زهران، _c2000. |
|
| 300 | _a221ص | ||
| 650 | 1 | 7 | _aالفحوص السريرية |
| 650 | 1 | 7 | _aالوقاية من الأمراض |
| 650 | 1 | 7 | _aالزواج |
| 700 | 1 | _aالأشقر، يوسف | |
| 942 |
_2ddc _cBK |
||
| 999 |
_c42546 _d42546 |
||